Final report. Cost effectiveness model development for energy storage devices in rapid transit systems
Gespeichert in:
| Körperschaft: | |
|---|---|
| Weitere Verfasser: | , |
| Format: | Buch |
| Sprache: | English |
| Veröffentlicht: |
Washington, D.C. : Department of Transportation
1980
|
| Tags: |
Tag hinzufügen
Keine Tags, Fügen Sie den ersten Tag hinzu!
|
MARC
| LEADER | 00000nam a2200000Ia 4500 | ||
|---|---|---|---|
| 003 | MV0040 | ||
| 005 | 20221231144004.0 | ||
| 008 | 140114s1980 waua 000 ||eng d | ||
| 040 | |c cru CEDI | ||
| 090 | |a MV 40 | ||
| 245 | |a Final report. Cost effectiveness model development for energy storage devices in rapid transit systems | ||
| 260 | |a Washington, D.C. : Department of Transportation |c 1980 | ||
| 300 | |a 19 páginas; ilustraciones | ||
| 700 | |9 21239 |a Sunstein, David I. L | ||
| 700 | |9 21240 |a Uher, Richard A. | ||
| 710 | |9 21238 |a Mellon Institute. Rail Systems Center. | ||
| 942 | |c MX | ||
| 999 | |c 15245 |d 15245 | ||
